000 01082nam a2200337 i 4500
001 54886
003 KOSZ 005
005 20211110103850.0
008 080610s2007 pl f |000 0 pol d
020 _a9788373264731
040 _cKOSZ 005
_aKOSZ 005
_dKOSZ 005/HR
041 0 _apol
046 _k2007
080 _a338.47
080 _a656.1/.7
080 _a(075.8)
100 1 _aKoźlak, Aleksandra
_eAutor
245 1 0 _aEkonomika transportu :
_bteoria i praktyka gospodarcza /
_cAleksandra Koźlak.
260 _aGdańsk :
_bWydawnictwo Uniwersytetu Gdańskiego,
_c2007.
300 _a436 s. :
_bmapy, wykr. (w tym kolor.) ;
_c24 cm.
380 _aKsiążki
380 _aPublikacje dydaktyczne
385 _mPoziom nauczania
_aSzkoły wyższe
388 _a2001-
504 _aBibliogr. s. 422-436.
650 4 _aEkonomika transportu
655 4 _aPodręczniki akademickie
658 _aTransport i logistyka
856 _uhttp://koha.tu.koszalin.pl/cgi-bin/koha/opac-detail.pl?biblionumber=54885
_yKatalog online BPK
942 _cKS
_2UKD
999 _c54885
_d54885